000 00280nam a22001217a 4500
082 _a825
_bWRE/S
100 _aWREN, P C
245 _aTHE SIMPLER PART OF SPEECH
260 _aNEW DELHI
_bS.CHAND & COMPANY LTD.
300 _a04/03/2002
650 _aGRAMMAR
_zNEW DELHI
942 _cBK
999 _c3847
_d3847